000 00779nam a22002057a 4500
999 _c371132
_d371132
008 201127b ||||| |||| 00| 0 eng d
040 _aDE-2950
_bger
_cDE-2950
_erda
041 _ager
100 _aSchröder, Dietrich:
245 _aUnis appellieren an Woidke.
_bNahverkehr: Nach Abstimmungen in Frankfurt und Eberswalde droht dem Semesterticket das Aus. Präsidenten wenden sich an den Regierungschef /
_cDietrich Schröder
264 _c2021
653 _aBrandenburg
653 _aUniversitäten
653 _aSemesterticket
773 _dFrankfurt (Oder) Märkisches Verlags- und Druckhaus GmbH & Co KG
_tMärkische Oderzeitung
_g32. Jahrgang (2021) Nr. 271 vom 19.11.2021, S. 9
942 _cA